| 000 | 01004nam a2200301 a 4500 | ||
|---|---|---|---|
| 001 | 1673 | ||
| 003 | BD-RJUL | ||
| 005 | 20211208233403.0 | ||
| 008 | 131208r19811980sz af b i000 0 eng d | ||
| 020 | _a9221023893 (pbk) | ||
| 035 | _a(BD-RJUL)1700 | ||
| 040 |
_aDLC _cDLC _beng |
||
| 041 | _aeng | ||
| 082 |
_223 _a305.42 _bLOR 1981 |
||
| 100 | 1 |
_aLoutfi, Martha Fetherolf. _95544 |
|
| 245 | 1 | 0 |
_aRural women : _bunequal partners in development / _cMartha Fetherolf Loutfi |
| 260 |
_aGeneva : _bInternational Labour Office _c1980 [Impression 1981] |
||
| 300 |
_aiii, 81 p. : _bill. ; _c24 cm |
||
| 490 | _aWEP study | ||
| 504 | _aBibliography: p. 77-81 | ||
| 526 | _bSOCIOLOGY | ||
| 650 | 0 |
_aRural women _zDeveloping countries _xEconomic conditions _95545 |
|
| 650 | 0 |
_aRural women _zDeveloping countries _xSocial conditions _95546 |
|
| 650 | 0 |
_aWomen in rural development _zDeveloping countries _95547 |
|
| 710 | 2 |
_aWorld Employment Programme. _95548 |
|
| 830 | 0 |
_aWEP study _9226197 |
|
| 942 |
_2ddc _cBK |
||
| 999 |
_c1673 _d1673 |
||